[Event "UT Dallas Fall Open 2017"]
[Site "Dallas USA"]
[Date "2017.11.22"]
[Round "9.4"]
[White "Popilski, Gil"]
[Black "Kadric, Denis"]
[Result "1/2-1/2"]
[WhiteTitle "GM"]
[BlackTitle "GM"]
[WhiteElo "2502"]
[BlackElo "2505"]
[WhiteFideId "2809060"]
[BlackFideId "14403803"]
[EventDate "2017.11.17"]

1. d4 d6 2. Nf3 g6 3. c4 Bg7 4. Nc3 Nd7 5. g3 Nh6 6. Bg2 O-O 7. Bg5 f6 8. Bxh6
Bxh6 9. d5 Ne5 10. Qb3 Nxf3+ 11. exf3 e5 12. dxe6 Bxe6 13. O-O Qd7 14. f4 c6 15.
Qb4 f5 16. Rad1 Rfd8 17. b3 Bf8 18. Qa5 Bf7 19. Rd2 Re8 20. Ne2 Qd8 21. Qc3 a5
22. Qc2 Qb6 23. Nd4 1/2-1/2

[Event "UT Dallas Fall Open 2017"]
[Site "Dallas USA"]
[Date "2017.11.22"]
[Round "9.5"]
[White "Sevian, Samuel"]
[Black "Javakhadze, Zurab"]
[Result "1-0"]
[WhiteTitle "GM"]
[BlackTitle "IM"]
[WhiteElo "2615"]
[BlackElo "2452"]
[WhiteFideId "2040506"]
[BlackFideId "13603647"]
[EventDate "2017.11.17"]

1. e4 e5 2. Nf3 Nc6 3. Bb5 a6 4. Ba4 Nf6 5. O-O Be7 6. Re1 b5 7. Bb3 d6 8. c3
O-O 9. h3 Nd7 10. d4 Na5 11. Bc2 c5 12. a4 Rb8 13. axb5 axb5 14. b3 exd4 15.
cxd4 Nc6 16. Nc3 Nb4 17. Bf4 Rb6 18. Bb1 Re8 19. Qd2 Bb7 20. Be3 Nf8 21. Ra5 Ra6
22. Rxa6 Bxa6 23. Rd1 Qa8 24. Nh2 Qc6 25. Nf1 Bb7 26. Ng3 g6 27. Nd5 Bh4 28.
Nxb4 cxb4 29. Qxb4 Bxg3 30. d5 Bxf2+ 31. Bxf2 Qc7 32. Bd3 Nd7 33. Bxb5 Ra8 34.
Bxd7 Qxd7 35. Bh4 Qc7 36. Bf6 Ra2 37. Kh2 Bc8 38. Rd2 Rxd2 39. Qxd2 Kf8 40. Qh6+
Ke8 41. Qxh7 1-0

[Event "UT Dallas Fall Open 2017"]
[Site "Dallas USA"]
[Date "2017.11.22"]
[Round "9.6"]
[White "Matsenko, Sergei"]
[Black "Arribas Lopez, Angel"]
[Result "1/2-1/2"]
[WhiteTitle "IM"]
[BlackTitle "GM"]
[WhiteElo "2550"]
[BlackElo "2471"]
[WhiteFideId "4170083"]
[BlackFideId "2283352"]
[EventDate "2017.11.17"]

1. d4 d6 2. Nf3 g6 3. c4 Bg7 4. Nc3 Bg4 5. e3 Bxf3 6. Qxf3 Nc6 7. Qd1 e5 8. dxe5
dxe5 9. Qc2 f5 10. Be2 e4 11. O-O Qh4 12. Nd5 O-O-O 13. Bd2 Ne5 14. Qa4 Nf6 15.
Qa5 Nxd5 16. cxd5 Kb8 17. Rac1 b6 18. Qb5 g5 19. Bc3 Rd6 20. Rfd1 f4 21. g3 Qh3
22. Bxe5 Bxe5 23. Bf1 Qh5 24. Qe2 Qxe2 25. Bxe2 Bxb2 26. Rc2 Ba3 27. Bc4 fxe3
28. fxe3 Bc5 29. Kg2 Rf8 30. Rf1 Rxf1 31. Kxf1 c6 32. dxc6 Bxe3 33. Re2 Rxc6 34.
Bd5 Rc3 35. Bxe4 h6 36. Rc2 Rxc2 37. Bxc2 Kc7 38. Ke2 Bg1 39. h4 Kd6 40. hxg5
hxg5 41. Kd3 Ke5 42. Bd1 b5 43. Kc3 Bc5 44. a4 bxa4 45. Bxa4 g4 46. Bd7 Bf2 1/2-1/2

[Event "UT Dallas Fall Open 2017"]
[Site "Dallas USA"]
[Date "2017.11.22"]
[Round "9.8"]
[White "Gareyev, Timur"]
[Black "Wheeler, Cameron"]
[Result "1-0"]
[WhiteTitle "GM"]
[BlackTitle "IM"]
[WhiteElo "2615"]
[BlackElo "2391"]
[WhiteFideId "14200937"]
[BlackFideId "2060531"]
[EventDate "2017.11.17"]

1. Nf3 d5 2. c4 d4 3. b4 f6 4. e3 e5 5. c5 Ne7 6. Bc4 Nf5 7. d3 a5 8. e4 Ne7 9.
Qa4+ Qd7 10. b5 Ng6 11. c6 bxc6 12. O-O cxb5 13. Bxb5 c6 14. Bc4 Ba6 15. Na3 Bb4
16. Rb1 Qc7 17. Qb3 Nd7 18. Bxa6 Rxa6 19. h4 Rb6 20. Qe6+ Be7 21. h5 Ngf8 22.
Qg4 Rxb1 23. Nxb1 Kf7 24. Nh4 Ne6 25. Na3 Ndc5 26. Qd1 Rb8 27. Nc4 Rb5 28. g3
Qb8 29. f4 exf4 30. gxf4 Rb1 31. e5 fxe5 32. Nxe5+ Kg8 33. Nxc6 Qc7 34. Nf5 Bf6
35. Qf3 Qb7 36. Nd6 Qd7 37. Nc4 a4 38. f5 Ng5 39. Bxg5 Rxf1+ 40. Kxf1 Bxg5 41.
Nb6 Qd6 42. Nc8 Qd7 43. Ne5 Qb7 44. Qxb7 Nxb7 45. Ke2 Bf6 46. Nc4 g6 47. fxg6
hxg6 48. hxg6 Kg7 49. N8d6 Nxd6 50. Nxd6 Kxg6 51. Kf3 Be5 52. Nc4 Kf5 53. Nxe5
Kxe5 54. Kg4 a3 55. Kg5 Ke6 56. Kf4 Kd5 57. Kf5 Kd6 58. Ke4 Kc5 59. Ke5 Kb5 60.
Kd5 Ka5 61. Kc5 Ka4 62. Kc4 Ka5 63. Kb3 1-0

[Event "UT Dallas Fall Open 2017"]
[Site "Dallas USA"]
[Date "2017.11.22"]
[Round "9.9"]
[White "Sheng, Joshua"]
[Black "Raznikov, Danny"]
[Result "1/2-1/2"]
[WhiteTitle "IM"]
[BlackTitle "GM"]
[WhiteElo "2373"]
[BlackElo "2488"]
[WhiteFideId "2057360"]
[BlackFideId "2811154"]
[EventDate "2017.11.17"]

1. e4 e5 2. Nf3 Nc6 3. Bc4 Bc5 4. O-O Nf6 5. d3 O-O 6. Bg5 h6 7. Bh4 Be7 8. Re1
d6 9. Bg3 Na5 10. Nbd2 Nxc4 11. Nxc4 Nh5 12. d4 exd4 13. Nxd4 Nxg3 14. hxg3 Bf6
15. c3 d5 16. exd5 Qxd5 17. Ne3 Qd8 1/2-1/2

[Event "UT Dallas Fall Open 2017"]
[Site "Dallas USA"]
[Date "2017.11.22"]
[Round "9.11"]
[White "Perelshteyn, Eugene"]
[Black "Ynojosa Aponte, Felix Jose"]
[Result "1-0"]
[WhiteTitle "GM"]
[BlackTitle "IM"]
[WhiteElo "2523"]
[BlackElo "2423"]
[WhiteFideId "2012529"]
[BlackFideId "3900258"]
[EventDate "2017.11.17"]

1. d4 Nf6 2. c4 e6 3. Nc3 d5 4. cxd5 exd5 5. Bg5 c6 6. e3 Bd6 7. Bd3 O-O 8. Nge2
Re8 9. Qc2 h6 10. Bh4 Be6 11. h3 Nbd7 12. O-O Rc8 13. a3 a5 14. Rad1 b5 15. e4
b4 16. e5 bxc3 17. exd6 cxb2 18. Qxb2 Nf8 19. Bg3 Ne4 20. Bxe4 dxe4 21. Nc3 Bf5
22. d5 c5 23. Nb5 Qb6 24. Qe2 Qa6 25. Rfe1 Nd7 26. a4 Rf8 27. Bh4 f6 28. Bg3 Ne5
29. Bxe5 fxe5 30. Qb2 Bd7 31. Rxe4 Bxb5 32. axb5 Qxd6 33. Qxe5 Qxe5 34. Rxe5 Rb8
35. d6 Rxb5 36. d7 Rbb8 37. Rxc5 Ra8 38. Rdc1 Rad8 39. Rc7 Rf7 40. Rd1 a4 41. g4
a3 42. Kg2 a2 43. Ra7 Rfxd7 44. Rdxd7 Rxd7 45. Rxa2 g5 46. h4 Rd4 47. f3 h5 48.
Ra5 Rd2+ 49. Kf1 gxh4 50. Rxh5 Rh2 51. Kg1 Rh3 52. Kg2 Rg3+ 53. Kf2 Rh3 54. Ke3
Kg7 55. Kf4 Kg6 56. Ra5 Rh1 57. Ra6+ Kg7 58. Kg5 h3 59. Rg6+ Kf7 60. Rh6 Kg7 61.
f4 h2 62. f5 Kf7 63. f6 Ra1 64. Rh7+ Ke6 65. Rxh2 1-0

[Event "UT Dallas Fall Open 2017"]
[Site "Dallas USA"]
[Date "2017.11.22"]
[Round "9.12"]
[White "Shtembuliak, Evgeny"]
[Black "Kavutskiy, Konstantin"]
[Result "1-0"]
[WhiteTitle "IM"]
[BlackTitle "IM"]
[WhiteElo "2490"]
[BlackElo "2396"]
[WhiteFideId "14113325"]
[BlackFideId "2026384"]
[EventDate "2017.11.17"]

1. d4 Nf6 2. Nc3 d5 3. Bf4 g6 4. Nb5 Na6 5. e3 Bg7 6. h3 O-O 7. Nf3 c6 8. Nc3
Nc7 9. a4 h6 10. Bd3 a5 11. g4 c5 12. Be5 Ne6 13. Rg1 Nh7 14. Bxg7 Kxg7 15. h4
cxd4 16. exd4 Qb6 17. Nxd5 Qd6 18. Ne3 Nxd4 19. Nxd4 Qxd4 20. c3 Qf6 21. Qe2 Be6
22. O-O-O Bb3 23. Bc2 Bxc2 24. Qxc2 Qxh4 25. f4 Rfd8 26. Qe4 b6 27. Nd5 e6 28.
Qe5+ Kg8 29. Rh1 Rxd5 30. Qxd5 exd5 31. Rxh4 Nf6 32. g5 hxg5 33. fxg5 Nh5 34.
Rxd5 Rc8 35. Re4 Ng7 36. Re7 Ne6 37. Kc2 Rc6 38. Rb7 Kg7 39. b3 Nc5 40. Rb8 Ne4
41. c4 Re6 42. Rb5 Rd6 43. Re5 Nc5 44. Rd5 Rc6 1-0

[Event "UT Dallas Fall Open 2017"]
[Site "Dallas USA"]
[Date "2017.11.22"]
[Round "9.13"]
[White "Prasanna, Raghuram Rao"]
[Black "Thavandiran, Shiyam"]
[Result "1/2-1/2"]
[WhiteTitle "IM"]
[BlackTitle "FM"]
[WhiteElo "2459"]
[BlackElo "2389"]
[WhiteFideId "5022401"]
[BlackFideId "2605058"]
[EventDate "2017.11.17"]

1. Nf3 Nf6 2. g3 c5 3. Bg2 e6 4. c4 a6 5. O-O Qc7 6. Nc3 d6 7. b3 b6 8. d4 cxd4
9. Nxd4 Bb7 10. e4 Be7 11. Bb2 O-O 12. Rc1 Nbd7 13. h3 Rac8 14. g4 h6 15. Re1
Rfe8 16. Qd3 Ne5 17. Qg3 Ng6 18. Rcd1 Nh7 19. Nde2 Rcd8 20. Bc1 Ba8 21. Be3 Qb8
22. Rf1 1/2-1/2

[Event "UT Dallas Fall Open 2017"]
[Site "Dallas USA"]
[Date "2017.11.22"]
[Round "9.14"]
[White "Vazquez, Guillermo"]
[Black "Reshef, Omer"]
[Result "0-1"]
[WhiteTitle "IM"]
[BlackTitle "IM"]
[WhiteElo "2427"]
[BlackElo "2453"]
[WhiteFideId "3702308"]
[BlackFideId "2804336"]
[EventDate "2017.11.17"]

1. d4 d5 2. c4 c6 3. Nc3 Nf6 4. cxd5 cxd5 5. Bf4 Nc6 6. e3 Bf5 7. Qb3 Na5 8.
Qa4+ Bd7 9. Qd1 e6 10. Bd3 Rc8 11. Nf3 Be7 12. Ne5 O-O 13. O-O Nc4 14. Bxc4 dxc4
15. a4 Nd5 16. Bg3 Be8 17. Qg4 Kh8 18. Rfc1 f6 19. Nf3 Bf7 20. Nd2 Qb6 21. Nd1
Qb4 22. Qe2 Rc6 23. e4 c3 24. bxc3 Nxc3 25. Rxc3 Rxc3 26. Rb1 Qxd4 27. Nxc3 Qxc3
28. Rxb7 Bc5 29. Nf1 e5 30. h3 Bb6 31. Qb5 Qc8 32. Qb4 Bg8 33. Ne3 Qxb7 34. Qxf8
Qxe4 35. Ng4 Qg6 36. Kh2 h5 37. Ne3 Kh7 38. Qc8 Bb3 39. Qd7 Qf7 40. Qd3+ g6 41.
Qb5 Bd4 42. a5 Kg7 43. Qb8 Be6 44. Nc2 Bc3 45. Nb4 Qd7 46. Na6 Bf7 47. Nc5 Qc6
48. Nb7 Bd5 49. Nd6 Bd4 50. Nb5 Bc5 51. Nxa7 Qb7 52. Qxb7+ Bxb7 53. Nb5 Bb4 54.
Nc7 Bc6 55. a6 Ba5 56. Ne6+ Kf7 57. Nc5 Bb6 58. Nd3 Bb5 59. Nb4 Bc5 60. Nd5 Bxa6
61. f3 Bb7 62. Nc3 Ke6 63. Nd1 f5 64. Bf2 Bxf2 65. Nxf2 h4 66. Nd3 Kd5 67. g3
Kd4 68. Ne1 g5 69. gxh4 gxh4 70. Kg1 Ke3 71. Ng2+ Kxf3 72. Nxh4+ Ke4 73. Ng6 Bc6
74. h4 Be8 75. h5 f4 76. Kf2 Kf5 77. Nh4+ Kg5 78. Nf3+ Kf6 79. h6 Bg6 80. Ke2
Bh5 0-1

[Event "UT Dallas Fall Open 2017"]
[Site "Dallas USA"]
[Date "2017.11.22"]
[Round "9.15"]
[White "Daggupati, Balaji"]
[Black "Drozdowski, Kacper"]
[Result "0-1"]
[WhiteTitle "FM"]
[BlackTitle "IM"]
[WhiteElo "2358"]
[BlackElo "2467"]
[WhiteFideId "2090759"]
[BlackFideId "1136720"]
[EventDate "2017.11.17"]

1. e4 d6 2. d4 g6 3. Nc3 Bg7 4. Nf3 Bg4 5. Be2 c6 6. h3 Bxf3 7. Bxf3 Qb6 8. Ne2
Nd7 9. c3 Ngf6 10. Qc2 O-O 11. Bf4 e5 12. dxe5 Nxe5 13. Bxe5 dxe5 14. O-O Rad8
15. Rad1 h5 16. Nc1 Bh6 17. Nb3 Kg7 18. Be2 h4 19. Nc1 Bxc1 20. Rxc1 Rd6 21.
Rcd1 Rfd8 22. Rxd6 Rxd6 23. Rd1 Rxd1+ 24. Bxd1 Qa6 25. b3 Qa3 26. Kf1 a5 27. Ke1
Ne8 28. Ke2 Nd6 29. Kf3 Qc5 30. Be2 f5 31. Bd3 fxe4+ 32. Bxe4 Nxe4 33. Qxe4
Qxc3+ 34. Ke2 Qb2+ 35. Ke3 Qc3+ 36. Ke2 Qd4 37. Qc2 Kf6 38. Qc1 a4 39. Qa3 Qe4+
40. Kf1 Qb1+ 41. Ke2 Qc2+ 42. Ke3 Qc3+ 43. Ke2 Qd4 44. bxa4 Qe4+ 45. Kf1 Ke6 46.
Qb3+ Qd5 47. Qc2 Kf6 48. f3 c5 49. Ke2 c4 50. Qc3 Qd4 51. Qa3 c3 52. Qf8+ Kg5
53. Qe7+ Kh6 54. Qf8+ Kh5 55. Qh8+ Kg5 56. f4+ Qxf4 57. Qd8+ Qf6 58. Qc8 Qa6+
59. Ke3 Qb6+ 60. Kf3 Qd4 61. Qc7 e4+ 62. Ke2 Qd3+ 0-1

[Event "UT Dallas Fall Open 2017"]
[Site "Dallas USA"]
[Date "2017.11.22"]
[Round "9.16"]
[White "Sarkar, Justin"]
[Black "Hernandez Carmenate, Holden"]
[Result "0-1"]
[WhiteTitle "IM"]
[BlackTitle "GM"]
[WhiteElo "2354"]
[BlackElo "2462"]
[WhiteFideId "2010011"]
[BlackFideId "3504387"]
[EventDate "2017.11.17"]

1. d4 Nf6 2. c4 e6 3. Nc3 Bb4 4. e3 O-O 5. Bd3 d5 6. Nf3 c5 7. O-O Nc6 8. cxd5
exd5 9. dxc5 Bxc5 10. h3 Qe7 11. b3 Rd8 12. Na4 Bd6 13. Bb2 Ne4 14. Nc3 Bf5 15.
Nb5 Bc5 16. Nbd4 Bd7 17. Rc1 Rac8 18. Nxc6 bxc6 19. Ne5 Be8 20. Bxe4 dxe4 21.
Qc2 Rd5 22. Qxe4 Bd6 23. Qg4 Bxe5 24. Qxc8 Bxb2 25. Rxc6 Rd8 26. Rc7 Rxc8 27.
Rxe7 a6 28. Rd1 Ba3 29. Re5 Bb5 30. Red5 Be7 31. a4 Be8 32. R1d4 Ra8 33. Ra5 Bd8
34. Rxa6 Rxa6 35. Rxd8 Kf8 36. Rb8 Ke7 37. g4 Bc6 38. Kh2 Ra8 39. Rb4 Ra7 40.
Kg3 g5 41. h4 h6 42. Rb6 Kd6 43. b4 Rb7 44. Rxb7 Bxb7 45. hxg5 hxg5 46. f3 Kd5
47. b5 Kc5 48. e4 f6 49. Kf2 Kd4 50. a5 Bc8 51. a6 Kd3 52. Kg3 Kc4 53. f4 Kxb5
54. a7 Bb7 55. e5 fxe5 56. fxg5 Kb6 57. g6 Kxa7 58. g7 Bd5 0-1

[Event "UT Dallas Fall Open 2017"]
[Site "Dallas USA"]
[Date "2017.11.22"]
[Round "9.17"]
[White "Rahul, Srivatshav P"]
[Black "Kambrath, Yannick"]
[Result "1/2-1/2"]
[BlackTitle "FM"]
[WhiteElo "2375"]
[BlackElo "2332"]
[WhiteFideId "25059653"]
[BlackFideId "20632525"]
[EventDate "2017.11.17"]

1. d4 Nf6 2. Bf4 g6 3. e3 Bg7 4. Nf3 O-O 5. Be2 c5 6. c3 d5 7. O-O Nc6 8. h3 Nd7
9. Qb3 e5 10. dxe5 Ndxe5 11. Rd1 Be6 12. Ng5 Qe7 13. Nxe6 fxe6 14. Nd2 c4 15.
Qc2 Nd7 16. Bg3 b5 17. Nf3 Nc5 18. Nd4 Nxd4 19. exd4 Ne4 20. Re1 Nxg3 21. fxg3
Qd6 22. Qd2 Rae8 23. g4 Qg3 24. Rf1 e5 25. dxe5 Bxe5 26. Qxd5+ Kg7 27. Rxf8 Qh2+
28. Kf1 Rxf8+ 29. Bf3 Rxf3+ 30. gxf3 Qxh3+ 31. Kf2 Qh2+ 32. Ke3 Qf4+ 33. Ke2
Qh2+ 34. Ke3 Qf4+ 1/2-1/2

[Event "UT Dallas Fall Open 2017"]
[Site "Dallas USA"]
[Date "2017.11.22"]
[Round "9.18"]
[White "Yim, Sung Ho"]
[Black "Richard, Emma"]
[Result "1-0"]
[BlackTitle "WFM"]
[WhiteElo "2275"]
[BlackElo "2080"]
[WhiteFideId "2062020"]
[BlackFideId "657590"]
[EventDate "2017.11.17"]

1. d4 e6 2. c4 Bb4+ 3. Bd2 Bxd2+ 4. Qxd2 f5 5. Nc3 Nf6 6. g3 O-O 7. Bg2 d6 8.
Nf3 Qe7 9. O-O c6 10. Rfe1 d5 11. Rab1 Nbd7 12. Qc2 Ne4 13. b4 Nd6 14. Nd2 f4
15. Qd3 Qf6 16. Rf1 Nxc4 17. Nxc4 dxc4 18. Qxc4 Nb6 19. Qc5 Qd8 20. Ne4 Rf5 21.
Qc3 Nd5 22. Qc4 Qe7 23. b5 cxb5 24. Rxb5 Nb6 25. Qd3 Rxb5 26. Qxb5 Bd7 27. Qc5
Re8 28. gxf4 Bc6 29. Qxe7 Rxe7 30. e3 Bd5 31. Nc5 Nc4 32. Rc1 Nd6 33. Nb3 b6 34.
Bxd5 exd5 35. Rc6 Nc4 36. Rc8+ Kf7 37. Nc1 Ke6 38. Ne2 Kd7 39. Rh8 g6 40. Nc3
Kc6 41. Rc8+ Kd7 42. Nxd5 Kxc8 43. Nxe7+ Kd7 44. Nd5 Ke6 45. Nc3 a6 46. Kf1 b5
47. Ke2 b4 48. Na4 a5 49. e4 Nd6 50. d5+ Ke7 51. Kd3 h6 52. e5 Nb5 53. Kc4 Na3+
54. Kc5 Nc2 55. Kb5 Nd4+ 56. Kxa5 Ne2 57. Kxb4 Nxf4 58. Kc4 g5 59. Nc5 h5 60.
d6+ Ke8 61. e6 1-0

[Event "UT Dallas Fall Open 2017"]
[Site "Dallas USA"]
[Date "2017.11.22"]
[Round "9.19"]
[White "Capocyan, Sam"]
[Black "Ghatti, Sanjay"]
[Result "1/2-1/2"]
[BlackTitle "FM"]
[WhiteElo "2150"]
[BlackElo "2178"]
[WhiteFideId "2067480"]
[BlackFideId "2076438"]
[EventDate "2017.11.17"]

1. d4 Nf6 2. Nc3 d5 3. Bf4 c6 4. Qd2 Bf5 5. f3 e6 6. g4 Bg6 7. h4 h6 8. O-O-O
Nbd7 9. e3 Qa5 10. Bd3 Bxd3 11. Qxd3 Nb6 12. b3 Ba3+ 13. Kb1 Nc4 14. Na4 Nb6 15.
Nc3 Nc4 16. Na4 Nb6 1/2-1/2

[Event "UT Dallas Fall Open 2017"]
[Site "Dallas USA"]
[Date "2017.11.22"]
[Round "9.20"]
[White "Kung, Thomas"]
[Black "Tsay, Vincent"]
[Result "1-0"]
[BlackTitle "FM"]
[WhiteElo "2150"]
[BlackElo "2221"]
[WhiteFideId "30914272"]
[BlackFideId "30931835"]
[EventDate "2017.11.17"]

1. e4 e6 2. d4 d5 3. Nd2 c5 4. exd5 Qxd5 5. Ngf3 cxd4 6. Bc4 Qd6 7. O-O Nf6 8.
Nb3 Nc6 9. Nbxd4 Nxd4 10. Nxd4 Be7 11. c3 Qc7 12. Bb3 O-O 13. Qf3 Bd7 14. Bf4
Bd6 15. Bxd6 Qxd6 16. Qxb7 e5 17. Nc2 Rfb8 18. Qf3 Bc6 19. Rad1 Qc7 20. Qe2 a5
21. Ne3 Qb7 22. Rd6 Rc8 23. Rxf6 gxf6 24. Qg4+ Kh8 25. Qh4 Be4 26. Bd5 Bxd5 27.
Qxf6+ Kg8 28. Nf5 Kf8 29. Qh8# 1-0

[Event "UT Dallas Fall Open 2017"]
[Site "Dallas USA"]
[Date "2017.11.22"]
[Round "9.21"]
[White "Premkumar, Hiren"]
[Black "Danelia, Mariam"]
[Result "1/2-1/2"]
[BlackTitle "WIM"]
[WhiteElo "2048"]
[BlackElo "2153"]
[WhiteFideId "2065584"]
[BlackFideId "13603671"]
[EventDate "2017.11.17"]

1. d4 Nf6 2. Nf3 g6 3. g3 Bg7 4. Bg2 d5 5. O-O O-O 6. c4 c6 7. Nbd2 Ne4 8. Nxe4
dxe4 9. Ng5 Qxd4 10. Qxd4 Bxd4 11. Rd1 Bg7 12. Nxe4 Na6 13. Rb1 f5 14. Nd2 Be6
15. b3 Rfd8 16. Ba3 Kf7 17. Nf3 h6 18. e3 Rd7 19. Rxd7 Bxd7 20. Rd1 Ke8 21. Nh4
g5 22. Ng6 Be6 23. Bf3 Bf6 24. Bh5 Bf7 25. h3 Nc7 26. g4 fxg4 27. hxg4 Ne6 28.
Kg2 Ng7 29. f4 Nxh5 30. gxh5 Rd8 31. Rxd8+ Kxd8 32. Kf3 gxf4 33. exf4 Be6 34.
Ne5 Ke8 35. Bc1 Bf5 36. Ng4 Bg7 37. Ne3 Bb1 38. a3 Kf7 39. f5 Ke8 40. b4 Bd3 41.
c5 b6 42. cxb6 axb6 43. Kf4 Bf6 44. Kf3 Bg5 45. a4 Kd7 46. Bb2 Bxe3 47. Kxe3
Bxf5 48. Bg7 Bg4 49. Bxh6 Bxh5 50. Ke4 Bd1 51. a5 bxa5 52. bxa5 Be2 53. Kd4 Kd6
54. Bf4+ Ke6 55. Bc7 Kf5 56. Bb8 Ke6 57. Bf4 Kd7 58. Bg3 Kc8 59. Kc5 Kb7 1/2-1/2

[Event "UT Dallas Fall Open 2017"]
[Site "Dallas USA"]
[Date "2017.11.22"]
[Round "9.22"]
[White "Guo, Arthur"]
[Black "Williams, Quaitemes"]
[Result "1-0"]
[WhiteTitle "FM"]
[WhiteElo "2219"]
[BlackElo "2033"]
[WhiteFideId "30903114"]
[BlackFideId "2007398"]
[EventDate "2017.11.17"]

1. d4 f5 2. Nc3 d5 3. Bg5 c6 4. e3 Nd7 5. Bd3 Ndf6 6. Nf3 e6 7. Ne5 Bd6 8. g4
Qc7 9. h3 Ne4 10. Bf4 g5 11. Bh2 Ngf6 12. h4 Qa5 13. Bxe4 Nxe4 14. gxf5 O-O 15.
hxg5 Nxc3 16. bxc3 Qxc3+ 17. Kf1 Rxf5 18. Bf4 Bxe5 19. dxe5 Qc4+ 20. Kg1 Bd7 21.
g6 hxg6 22. Qg4 Be8 23. Rh6 Qxc2 24. Qh3 Rh5 25. Qxe6+ Bf7 26. Qf6 Kf8 27. e6 1-0

[Event "UT Dallas Fall Open 2017"]
[Site "Dallas USA"]
[Date "2017.11.22"]
[Round "9.23"]
[White "Polavaram, Rithik"]
[Black "Eliezer, Segev"]
[Result "0-1"]
[WhiteElo "1957"]
[BlackElo "1814"]
[WhiteFideId "2081997"]
[BlackFideId "2074087"]
[EventDate "2017.11.17"]

1. d4 d5 2. c4 e6 3. Nc3 Be7 4. e3 Nf6 5. Nf3 O-O 6. Bd3 b6 7. O-O c5 8. Qe2 Nc6
9. Rd1 Bb7 10. b3 Rc8 11. cxd5 exd5 12. Bb2 Qc7 13. Rac1 Qb8 14. dxc5 bxc5 15.
Bf5 Rc7 16. Qe1 Nb4 17. a3 Na6 18. Qe2 Rd8 19. Nb5 Rc6 20. Bc3 Nc7 21. Nxc7 Qxc7
22. Qe1 Nd7 23. Bxd7 Rxd7 24. Ne5 Rh6 25. f4 Rdd6 26. Bd4 Ra6 27. b4 c4 28. Qc3
Bc8 29. Nf3 f6 30. Kf2 Bf5 31. Nd2 Rxh2 32. Rh1 Rxh1 33. Rxh1 Qc6 34. Rg1 Qa4
35. g4 Bd3 36. g5 Kh8 37. gxf6 Bxf6 38. Bxf6 Rxf6 39. Qe5 h6 40. Qe7 Rg6 41.
Rxg6 Bxg6 42. Qd8+ Kh7 43. Qxd5 Qc2 44. Kg3 c3 45. Nb3 Be4 46. Qd4 Qg2+ 47. Kh4
g5+ 48. fxg5 hxg5+ 49. Kh5 Bg6# 0-1